| 000 | 00740nam a22002177a 4500 | ||
|---|---|---|---|
| 005 | 20081022113430.0 | ||
| 008 | 081022t xxu||||| |||| 00| 0 eng d | ||
| 010 | _aENG-84295 | ||
| 020 | _a019568785X | ||
| 020 | _c225.00 (pbk) | ||
| 035 | _aEN-67828 | ||
| 082 | _a954.01 | ||
| 100 | _aSharma, R S | ||
| 245 |
_aIndia's ancient past / _cby R S Sharma |
||
| 260 |
_aNew Delhi _bOxford University Press |
||
| 260 | _c2005 | ||
| 300 |
_axiii,387p _c22cm |
||
| 500 | _aIncludes bibliographical references and index | ||
| 942 |
_2ddc _cEN _h954.01 _m SHA |
||
| 999 |
_c17634 _d17634 |
||